Statistics for 2012 NFL Draft Round 1

Click here to take the quiz!

General Stats

  • This quiz has been taken 669 times
    (667 since last reset)
  • The average score is 9 of 32

Answer Stats

Hint Answer % Correct
ColtsAndrew Luck
99%
RedskinsRobert Griffin III
95%
BrownsTrent Richardson
68%
JaguarsJustin Blackmon
46%
VikingsMatt Kalil
44%
DolphinsRyan Tannehill
44%
CowboysMorris Claiborne
40%
VikingsHarrison Smith
37%
GiantsDavid Wilson
33%
PatriotsChandler Jones
32%
BuccaneersDoug Martin
32%
PanthersLuke Kuechly
31%
BuccaneersMark Barron
27%
CardinalsMichael Floyd
25%
PatriotsDonta Hightower
24%
ChiefsDontari Poe
23%
SeahawksBruce Irvin
22%
EaglesFletcher Cox
21%
BillsStephon Gilmore
20%
BengalsDre Kirkpatrick
19%
SteelersDavid DeCastro
18%
TitansKendall Wright
17%
ChargersMelvin Ingram
16%
JetsQuiton Coples
16%
PackersNick Perry
15%
49ersAJ Jenkins
15%
RamsMichael Brockers
15%
BrownsBrandon Weeden
12%
LionsRiley Reiff
12%
TexansWhitney Mercilus
11%
BengalsKevin Zeitler
10%
BearsShea Mclellin
9%

Score Distribution

Percentile by Number Answered

Percent of People with Each Score

Your Score History

You have not taken this quiz since the last reset